| 000 | 00493nam a22001817a 4500 | ||
|---|---|---|---|
| 003 | OSt | ||
| 005 | 20140310182347.0 | ||
| 008 | 130928t xxu||||| |||| 00| 0 eng d | ||
| 020 | _a0064460606 | ||
| 050 |
_aPZ 8.3 _b.C566 1962 |
||
| 082 |
_aGS 808.818 _bC4 1987 |
||
| 100 |
_aCiardi, John _922026 |
||
| 245 |
_aYou read to me, I'll read to you / _cJohn Ciardi. |
||
| 260 |
_aU.S.A : _bHarper Trophy, _c1962. |
||
| 300 |
_a64 p. : _bill. ; _c23 cm. |
||
| 942 |
_2lcc _cBK-GS |
||
| 999 |
_c12266 _d12266 |
||